000 00496cam a2200205ua 4500
020 _c36.50
041 _aeng
_h
082 _a632.58
_bRAO/PR
100 _aRao, V.S .
245 _aPrinciples of weed science /
_cV.S.Rao.
_hTextual Documents
250 _a1 /
_b.
260 _aNewdelhi :
_bOxford & IBH Publishing company ,
_c1983.
300 _a540 ; .
365 _a36.50
504 _a
942 _cBK
999 _c2549
_d2549